[Event "Copenhagen Open-03 (Politiken Cup-02)"]
[Site "Copenhagen"]
[Date "1981.06.25"]
[Round "6"]
[White "Wedberg, Tom Birger"]
[Black "Kirov, Nino"]
[Result "1-0"]
[WhiteElo "2420"]
[BlackElo "2475"]
[Annotator "Wedberg,T"]
[PlyCount "53"]
[EventDate "1981.06.20"]
[EventType "swiss"]
[EventRounds "10"]
[EventCountry "DEN"]
[SourceTitle "EXT 2000"]
[Source "ChessBase"]
[SourceDate "1999.11.16"]
[SourceVersion "1"]
[SourceVersionDate "1999.11.16"]
[SourceQuality "1"]

1. e4 c5 2. Nf3 Nc6 3. d4 cxd4 4. Nxd4 e6 5. Nc3 a6 6. g3 Qc7 7. Bg2 Nf6 8. O-O
Be7 9. Re1 O-O $6 (9... Nxd4 10. Qxd4 d6 11. Be3 e5 $1) 10. Nxc6 dxc6 11. e5
Rd8 12. Qf3 Nd5 13. h4 $1 {/\ Bg5} Nxc3 14. Qxc3 h6 $6 15. Be4 $1 {/\ Qf3,Bd3,
Qe4} c5 16. Qf3 Ra7 17. Qg4 Kh8 (17... Kf8 18. Bh7 $1 {/\ Bh6}) 18. Bg5 $1 b5 (
18... Bxg5 19. hxg5 Qxe5 20. gxh6 $1) 19. Rad1 (19. Qh5 $2 Bxg5 20. hxg5 Qxe5
$1) 19... a5 (19... Bb7 20. Bxe7 Qxe7 21. Rxd8+ Qxd8 22. Rd1 Qe7 23. Rd6) (
19... Rd4 20. Rxd4 cxd4 21. Bd3 $1) 20. Qf4 $1 Kg8 (20... hxg5 21. Qxf7) 21.
Bxh6 Rxd1 22. Rxd1 gxh6 23. Qxh6 f5 (23... Bd8 24. Bh7+ Kh8 25. Bg6+ Kg8 26.
Qh7+ Kf8 27. Qh8+ Ke7 28. Qf6+ Ke8 29. Bxf7+ Qxf7 30. Rxd8#) 24. exf6 Bf8 25.
Qg6+ Kh8 26. Qh5+ Kg8 27. Rd5 $1 1-0

[Event "Dresden ZMD op 20th"]
[Site "Dresden"]
[Date "2011.08.11"]
[Round "6"]
[White "Luther, Thomas"]
[Black "Zakhartsov, Viacheslav V"]
[Result "1/2-1/2"]
[WhiteElo "2515"]
[BlackElo "2578"]
[Annotator "Zakhartsov,Vi"]
[PlyCount "62"]
[EventDate "2011.08.06"]
[EventType "swiss"]
[EventRounds "9"]
[EventCountry "GER"]
[SourceTitle "CBM 143 Extra"]
[Source "ChessBase"]
[SourceDate "2011.08.29"]
[SourceVersion "1"]
[SourceVersionDate "2011.08.29"]
[SourceQuality "1"]

1. e4 c5 2. Nf3 e6 3. d4 cxd4 4. Nxd4 Nc6 5. Nc3 Qc7 6. f4 a6 7. Nxc6 Qxc6 8.
Bd3 b5 9. Qe2 Bb7 10. Bd2 Be7 11. a3 Rc8 12. Qg4 {A novelty. White tries to
disrupt Black's kingside.} ({The main continuations are} 12. O-O) ({and} 12.
O-O-O) 12... g6 13. Qh3 Nf6 14. e5 Nd5 15. Be4 Qc4 (15... b4 {would be not
quite correct:} 16. axb4 Bxb4 17. Nxd5 Bxd2+ 18. Kxd2 exd5 19. Bd3 {, and the
white king was quite safe, whereas Black's numerous weaknesses could tell.})
16. Qd3 Qxd3 (16... f5 $1 17. Bf3 (17. exf6 Bxf6 18. Bxd5 exd5) 17... Kf7 18.
O-O d6 19. exd6 Bxd6 {with some initiative for Black.}) 17. cxd3 d6 18. Nxd5
Bxd5 19. Bxd5 exd5 20. a4 b4 $1 {Not allowing White to open the a-file.} (20...
dxe5 21. axb5 axb5 22. fxe5 O-O 23. Ra5 {with an initiative for White.}) 21.
Bxb4 dxe5 22. Bc3 (22. Bxe7 Kxe7 23. fxe5 Rc2 24. O-O Rb8) 22... d4 23. Bd2
exf4 24. Bxf4 Rc2 (24... Bb4+ $1 {allowed him to obtain some advantage:} 25.
Ke2 (25. Bd2 Rb8 26. Rb1 O-O) 25... Rc2+ 26. Kf3 Kd7 27. Be5 Rhc8 28. Bxd4 Ke6
29. Rad1 Kd5 30. Bg7 Re8) 25. O-O Rxb2 26. Rae1 Rb7 27. Bh6 f5 28. Re6 {
Returning the pawn.} Kd7 29. Rxa6 Rc8 30. Bg7 Rc3 (30... Bc5 $5) 31. Bxd4 Rxd3
1/2-1/2

[Event "SWE-ch"]
[Site "Linkoping"]
[Date "2001.07.12"]
[Round "11"]
[White "Wedberg, Tom Birger"]
[Black "Cramling, Pia"]
[Result "1/2-1/2"]
[WhiteElo "2505"]
[BlackElo "2510"]
[Annotator "Ziegler,A"]
[PlyCount "91"]
[EventDate "2001.06.30"]
[EventType "tourn"]
[EventRounds "13"]
[EventCountry "SWE"]
[EventCategory "8"]
[SourceTitle "CBM 085"]
[Source "ChessBase"]
[SourceDate "2001.11.13"]
[SourceVersion "1"]
[SourceVersionDate "2001.11.13"]
[SourceQuality "1"]

1. e4 c5 2. Nf3 e6 3. d4 cxd4 4. Nxd4 Nc6 5. Nc3 Qc7 6. g3 {Tom tar det lite
piano idag. g3-systemen mot Scheveningen och Tajmanov har länge varit en del
av Toms repertoar.} a6 7. Bg2 Nf6 8. Nb3 {Svart brukar normalt få kämpa lite
för att fördriva ner springaren till b3 där den inte står optimalt. Tom hade
troligen ingen lust att spela kritiskt.} ({Springardraget undviker
huvudsvängen med:} 8. O-O Bc5) 8... b5 9. O-O {Det är bra att vit inte ödar
någon tid på a3:} d6 (9... b4 $6 10. Nd5 Nxd5 11. exd5 Ne5 12. d6) 10. f4 (10.
Re1) 10... Bb7 11. Be3 Be7 {[#] Svart står mycket harmoniskt med sina pjäser.
Det blir svårt för vit att få något övertag. Tom gör ett litet försök att
störa svart.} 12. a4 b4 13. Nb1 a5 {Pia väljer att först konsolidera
damflygeln innan hon gör något i centrum. Det är klokt. B5-fältet blir
kraftigt försvagat, men vit kan inte komma åt det fältet inom överskådlig tid.}
({Som vanligt gäller det att ha sitt fokus i centrum. Svarts idealstöt i
Sicilianskt är:} 13... d5 {Låt oss kika på det lite grann:} 14. e5 {Med en
övergång till en ställningstyp i klassiskt Franskt där svart är bra med i
matchen.} (14. exd5 $6 Nxd5 (14... Rd8 $5) 15. Bxd5 exd5 {Ger svart et stort
inflytande i centrum.} 16. Qxd5 $2 Na5 17. Qxa5 Qc6 18. Kf2 Qf3+ 19. Ke1 Qxe3+
20. Kd1 Bf3+) 14... Ne4 (14... Nd7 15. a5 {Är lite störande, men man kan leva
med det.}) 15. N1d2 Nxd2 16. Qxd2 O-O 17. a5 {Igen, stör vit med a5.} f6 18.
Bb6 Qc8 19. Nc5 {Är lite jobbigt för svart trots allt. Den här varianten kan
förklara varför Pia spelar a5 istället för d5.}) 14. c4 {Tom låser till i
centrum direkt.} O-O 15. N1d2 Rfe8 16. Rc1 Bf8 17. h3 Nd7 {Pia väljer en
avvaktande strategi.} ({Det är normalt för svart att trots allt sträva efter ..
.d5. Det hade bäst uppnåtts med:} 17... Rad8) 18. Qc2 Rac8 19. Nf3 Qb8 20. Qf2
Qa8 21. Nfd2 Red8 {En poäng med att ha kvar tornet på e8 är att när väl svart
får genomfört ...d5 så kommer löparen på e3 att bli hotat av tornet.} 22. Rfd1
e5 {[#] Vi ser allt oftare den här typen av stötar i typställningen. Svart
brukar få en seg ställning. Svart ger upp fexibiliteten i centrum, men får i
gengäld kontroll över det viktiga d4-fältet. Vit får d5, men det är långt kvar
innan en springare kommer dit.} 23. Rf1 Re8 24. c5 (24. f5 $1 {Ger vit en fri
hand på kungsflygeln. Någon centrumstöt i centrum behöver heller inte oroa.})
24... dxc5 25. Nxc5 Bxc5 26. Bxc5 Ba6 {Det är inte självklart att svart tjänar
på det här mellandraget.} (26... exf4 27. gxf4 Nxc5 28. Rxc5 Rcd8 {Med fint
inflytande i centrum:} 29. Nc4 Nd4 30. Rxa5 Qc8 $1 {Ger svart en fin dynamisk
ställning som kompensation för bonden.}) 27. Rfe1 Nxc5 28. Rxc5 Nd4 29. Rxe5 (
29. Rxa5 Rc2 {Och vit vinner tillbaka bonden med fart.}) 29... Rxe5 30. fxe5
Rd8 31. Bf1 Qc6 32. Bxa6 Qxa6 33. Nf3 Nxf3+ 34. Qxf3 Qc6 {[#] Svart har ett
litet övertag på grund av att vits kungsställning är försvagad. Detta medför
att det blir svårt för vit att befinna sig på båda flyglarna.} ({Svart kunde
även tagit tillbaka bonden med:} 34... Re8 35. Rf1 Qa7+ 36. Qf2 Qc7 37. Qf4 h6
38. Rd1 Rxe5 {Men vit kommer undan med:} 39. Rd5) 35. Rf1 {Rätt. Vit måste
angripa det som angripas kan.} Rd7 36. Qf5 g6 37. Qf4 Re7 38. Kg2 Qe6 ({
Svart vill gärna inte byta dam om hon skall försöka vinna partiet:} 38... Qe8
$1 39. Rc1 Rxe5 40. Rc8 {Vit blir tvungen att byta torn och ta till
remischackar.} (40. Rc4 Qe6 {Med attack mot h3 samt lite ...f5 på gång. Vit
får nog svettas lite till.}) 40... Qxc8 41. Qxe5 Qc2+ 42. Kf3 Qxa4 43. Qb8+ Kg7
44. Qe5+ Kf8 45. Qd6+ Ke8 46. Qe5+ Kd7) 39. Rc1 Qxe5 40. Qxe5 Rxe5 41. Kf3 f5
42. exf5 Rxf5+ 43. Ke3 h5 44. Rc7 Rg5 45. Kf4 Rf5+ 46. Ke3 1/2-1/2